000 00690nmm a2200193Ia 4500
008 251105s9999||||xx |||||||||||||||||und||
020 _a9788491343042
041 _aspa
100 _aRodríguez Serrano, Aarón
245 0 _aInvestigar en la era neoliberal :
_b Visiones críticas sobre la investigación en comunicación en España
264 _a[Madrid, España] :
_bPublicaciones de la Universidad de Valencia (PUV),
_c2018
300 _a399 páginas
490 _aAldea global
650 _aMedia Studies (Journ., TV, etc)
700 _aRodríguez Serrano, Aarón
700 1 _a Gil Soldevilla, Samuel
856 _uhttps://public.digitaliapublishing.com/a/62566
942 _cCF
999 _c70652
_d70652